| 000 | 00746cab a2200241 4500 | ||
|---|---|---|---|
| 001 | WB3244-10 | ||
| 008 | 090401t1996 xxu||||| |||| 00| 0 eng d | ||
| 035 | _a(Sirsi) u56173 | ||
| 041 | _aeng | ||
| 245 | _aPFI could force public spending up | ||
| 260 | _c1996 | ||
| 350 | _a0 | ||
| 490 |
_aFinancial Times _v18 November 1996, 11 |
||
| 490 |
_aConstruction News _v(6492) 21 November 1996, 3(1) |
||
| 520 | _aThe Social Market Foundation`s "Prospects for public spending" warns that PFI could force public spending up. | ||
| 650 | _aCAPITAL SPENDING | ||
| 650 | _aPFI | ||
| 650 | _aPRIVATE FINANCE INITIATIVE | ||
| 650 | _aPUBLIC SPENDING | ||
| 690 | _aPROPERTY-PROPERTY FINANCE AND INVESTMENT | ||
| 942 | _n0 | ||
| 948 | _c04/03/1997 | ||
| 999 |
_c34266 _d34266 |
||